00262nam a2200109Ia 4500008004100000100002500041245002800066260002200094650001200116942000700128999001700135190216s9999||||xx |||||||||||||| ||und|| aVijayalakshmi Pandit 4aThe Scoppe Of Happiness bOrient Paper Back aEnglish cBK c13303d13303